000
00284nam a2200097Ia 4500
005
20250424112837.0
008
250424s9999 xx 000 0 und d
300
_a
94 p. , portraits : ill. ; 27 cm.
650
_a
Electrical engineering--Periodicals Electronics--Periodicals
942
_c
SR
999
_c
37464
_d
37464